| 000 | 00594nam a2200205Ia 4500 | ||
|---|---|---|---|
| 008 | 191130s1995##################000#0#eng## | ||
| 020 | _a9780262680868 | ||
| 040 |
_aACL _cACL |
||
| 082 | _a327.174 ROB | ||
| 100 | _aRoberts, Brad | ||
| 245 |
_aWeapons proliferation in the 1990s (Washington quarterly readers) _cBrad Roberts |
||
| 260 |
_aCambridge, MA _bThe MIT Press _cc 1995 |
||
| 300 | _aIX, ;S. 473 .p , ; cm.23 , | ||
| 650 | _aArms control | ||
| 650 | _aArms race | ||
| 650 | _aWorld politics | ||
| 990 | _a0b17623fac10000c0d65d16a0c0731e5 | ||
| 991 | _a139386 | ||
| 999 |
_c93334 _d93334 |
||